Pays ou région du monde par tenues traditionnelles - Statistiques

Statistiques générales
  • Ce quiz a été pris 823 fois
    776 depuis la dernière actualisation
  • Le résultat moyen est 9 sur 12
Statistiques - réponses
Par images Hint Réponse % Correct
Pays Chine
98%
Pays Mexique
97%
Nation Écosse
93%
Région Bretagne
91%
Région Moyen-Orient
91%
Pays Mongolie
86%
Région Polynésie
81%
Pays Pérou
72%
Région Alsace
65%
Pays Canada
62%
Région Bavière
56%
Pays Grèce
49%
Aucun quiz correspondant
Distribution des résultats
% des personnes avec chaque résultat
Percentile par nombre de réponses
Votre historique - résultats
Vous n’avez pas pris ce quiz depuis la dernière actualisation